000 01216cam a2200301 a 4500
999 _c126292
_d126292
001 1670583
003 ARRUPE
005 20170316100609.0
008 980428s1998 ne ab b 001 0 eng
010 _a 98023784
020 _a9004111441 (cloth : alk. paper)
040 _aDLC
_cDLC
_dDLC
043 _afs-----
050 0 0 _aBX3547.A356
_bD46 1998
082 0 0 _a271/.2068
_221
100 1 _aDenis, Philippe,
_d1952-
_929414
245 1 4 _aThe Dominican friars in Southern Africa :
_ba social history, 1577-1990 /
_cby Philippe Denis.
260 _aLeiden ;
_aBoston, MA :
_bBrill Academic Publishers,
_c1998.
300 _axiii, 322 p. :
_bill., maps ;
_c25 cm.
440 0 _aStudies in Christian mission,
_x0924-9389 ;
_vv. 21
_929415
504 _aIncludes bibliographical references (p. [297]-308) and index.
610 2 0 _aDominicans
_zAfrica, Southern
_xHistory.
_929416
651 0 _aAfrica, Southern
_xChurch history.
_929417
906 _a7
_bcbc
_corignew
_d1
_eocip
_f19
_gy-gencatlg
942 _2lcc
_cMONOGRAPH